000 00808nam a22002657a 4500
003 OSt
008 260409b |||||||| |||| 00| 0 eng d
020 _a9789390425143
082 _a631.583
_bG66P
245 _aProtected Cultivation Technologies for Climate Smart Agriculture /
_cedited by S. D. Gorantiwar...[et al.]
260 _a.- Delhi
_b: IBPSS
_c, 2022
300 _axii,117p.
650 _aTechnology (Applied Sciences)
650 _aAgriculture and Related Technologies
650 _aProtected Cultivation
650 _aGreenhouses
650 _aAgricultural Technology
650 _aSmart Agriculture
700 _aGorantiwar, S. D.
700 _aKumar, Prabhat.
700 _aPachpute, J. S.
700 _aKulkarni, Shrikant S.
700 _aDalavi, Pradip N.
942 _2ddc
_cBK
999 _c50049
_d50049